<?xml version="1.0" encoding="UTF-8"?>
<record
    xmlns:xsi="http://www.w3.org/2001/XMLSchema-instance"
    xsi:schemaLocation="http://www.loc.gov/MARC21/slim http://www.loc.gov/standards/marcxml/schema/MARC21slim.xsd"
    xmlns="http://www.loc.gov/MARC21/slim">

  <leader>01368cam a2200265 a 4500</leader>
  <controlfield tag="003">EG-GiCUC</controlfield>
  <controlfield tag="005">20250223032503.0</controlfield>
  <controlfield tag="008">191219s1986    ua     f m    000 0 ara d</controlfield>
  <datafield tag="040" ind1=" " ind2=" ">
    <subfield code="a">EG-GiCUC</subfield>
    <subfield code="b">ara</subfield>
    <subfield code="c">EG-GiCUC</subfield>
  </datafield>
  <datafield tag="041" ind1="0" ind2=" ">
    <subfield code="a">ara</subfield>
  </datafield>
  <datafield tag="049" ind1=" " ind2=" ">
    <subfield code="a">&#x627;&#x647;&#x62F;&#x627;&#x621;</subfield>
  </datafield>
  <datafield tag="097" ind1=" " ind2=" ">
    <subfield code="a">&#x62F;&#x643;&#x62A;&#x648;&#x631;&#x627;&#x647;</subfield>
  </datafield>
  <datafield tag="099" ind1=" " ind2=" ">
    <subfield code="a">Cai01.34.Ph.D.1986.&#x641;&#x62A;.&#x634;</subfield>
  </datafield>
  <datafield tag="100" ind1="0" ind2=" ">
    <subfield code="a">&#x641;&#x62A;&#x62D;&#x64A;&#x629; &#x62D;&#x633;&#x64A;&#x646; &#x639;&#x628;&#x62F;&#x627;&#x644;&#x63A;&#x641;&#x648;&#x631; &#x639;&#x637;&#x627;&#x631;</subfield>
  </datafield>
  <datafield tag="245" ind1="1" ind2="0">
    <subfield code="a">&#x634;&#x631;&#x62D; &#x646;&#x62C;&#x645; &#x627;&#x644;&#x62F;&#x64A;&#x646; &#x627;&#x644;&#x642;&#x645;&#x648;&#x644;&#x649; &#x639;&#x644;&#x649; &#x627;&#x644;&#x643;&#x627;&#x641;&#x64A;&#x629; : </subfield>
    <subfield code="b">&#x62A;&#x62D;&#x642;&#x64A;&#x642; &#x648; &#x62F;&#x631;&#x627;&#x633;&#x629; &#x645;&#x646; &#x623;&#x648;&#x644; &#x627;&#x644;&#x643;&#x62A;&#x627;&#x628; &#x627;&#x644;&#x649; &#x623;&#x648;&#x644; &#x627;&#x644;&#x645;&#x646;&#x635;&#x648;&#x628;&#x627;&#x62A; / </subfield>
    <subfield code="c">&#x641;&#x62A;&#x62D;&#x64A;&#x629; &#x62D;&#x633;&#x64A;&#x646; &#x639;&#x628;&#x62F;&#x627;&#x644;&#x63A;&#x641;&#x648;&#x631; &#x639;&#x637;&#x627;&#x631; &#x61B; &#x625;&#x634;&#x631;&#x627;&#x641; &#x639;&#x644;&#x649; &#x645;&#x62D;&#x645;&#x62F; &#x623;&#x628;&#x648;&#x627;&#x644;&#x645;&#x643;&#x627;&#x631;&#x645;</subfield>
  </datafield>
  <datafield tag="260" ind1=" " ind2=" ">
    <subfield code="a">&#x645;&#x643;&#x629; &#x627;&#x644;&#x645;&#x643;&#x631;&#x645;&#x629; : </subfield>
    <subfield code="b">&#x641;&#x62A;&#x62D;&#x64A;&#x629; &#x62D;&#x633;&#x64A;&#x646; &#x639;&#x628;&#x62F;&#x627;&#x644;&#x63A;&#x641;&#x648;&#x631; &#x639;&#x637;&#x627;&#x631; : </subfield>
    <subfield code="c">[1986]</subfield>
  </datafield>
  <datafield tag="300" ind1=" " ind2=" ">
    <subfield code="a">645&#x648;&#x631;&#x642;&#x629; &#x61B; </subfield>
    <subfield code="c">30&#x633;&#x645;</subfield>
  </datafield>
  <datafield tag="500" ind1=" " ind2=" ">
    <subfield code="a">&#x625;&#x647;&#x62F;&#x627;&#x621; &#x645;&#x646; &#x645;&#x643;&#x62A;&#x628;&#x629; &#x627;&#x644;&#x623;&#x633;&#x62A;&#x627;&#x630; &#x627;&#x644;&#x62F;&#x643;&#x62A;&#x648;&#x631; &#x639;&#x644;&#x649; &#x623;&#x628;&#x648;&#x627;&#x644;&#x645;&#x643;&#x627;&#x631;&#x645;</subfield>
  </datafield>
  <datafield tag="502" ind1=" " ind2=" ">
    <subfield code="a">&#x627;&#x637;&#x631;&#x648;&#x62D;&#x629; (&#x62F;&#x643;&#x62A;&#x648;&#x631;&#x627;&#x647;) - &#x627;&#x644;&#x645;&#x645;&#x644;&#x643;&#x629; &#x627;&#x644;&#x639;&#x631;&#x628;&#x64A;&#x629; &#x627;&#x644;&#x633;&#x639;&#x648;&#x62F;&#x64A;&#x629; - &#x648;&#x632;&#x627;&#x631;&#x629; &#x627;&#x644;&#x62A;&#x639;&#x644;&#x64A;&#x645; &#x627;&#x644;&#x639;&#x627;&#x644;&#x649; - &#x62C;&#x627;&#x645;&#x639;&#x629; &#x623;&#x645; &#x627;&#x644;&#x642;&#x631;&#x649; - &#x643;&#x644;&#x64A;&#x629; &#x627;&#x644;&#x644;&#x63A;&#x629; &#x627;&#x644;&#x639;&#x631;&#x628;&#x64A;&#x629; - &#x642;&#x633;&#x645; &#x627;&#x644;&#x62F;&#x631;&#x627;&#x633;&#x627;&#x62A; &#x627;&#x644;&#x639;&#x644;&#x64A;&#x627; &#x644;&#x644;&#x62A;&#x631;&#x628;&#x64A;&#x629; - &#x641;&#x631;&#x639; &#x627;&#x644;&#x646;&#x62D;&#x648;</subfield>
  </datafield>
  <datafield tag="700" ind1="0" ind2=" ">
    <subfield code="a">&#x639;&#x644;&#x649; &#x645;&#x62D;&#x645;&#x62F; &#x623;&#x628;&#x648;&#x627;&#x644;&#x645;&#x643;&#x627;&#x631;&#x645; : </subfield>
    <subfield code="e">&#x645;&#x634;&#x631;&#x641;</subfield>
  </datafield>
  <datafield tag="856" ind1=" " ind2=" ">
    <subfield code="u">http://172.23.153.220/th.pdf</subfield>
  </datafield>
  <datafield tag="905" ind1=" " ind2=" ">
    <subfield code="a">Nazla</subfield>
    <subfield code="e">Revisor</subfield>
  </datafield>
  <datafield tag="905" ind1=" " ind2=" ">
    <subfield code="a">Samia</subfield>
    <subfield code="e">Cataloger</subfield>
  </datafield>
  <datafield tag="942" ind1=" " ind2=" ">
    <subfield code="2">ddc</subfield>
    <subfield code="c">TH</subfield>
  </datafield>
  <datafield tag="999" ind1=" " ind2=" ">
    <subfield code="c">76004</subfield>
    <subfield code="d">76004</subfield>
  </datafield>
  <datafield tag="952" ind1=" " ind2=" ">
    <subfield code="2">ddc</subfield>
    <subfield code="7">0</subfield>
    <subfield code="a">CUCL</subfield>
    <subfield code="b">cl410</subfield>
    <subfield code="d">2024-02-11</subfield>
    <subfield code="o">Cai01.34.Ph.D.1986.&#x641;&#x62A;.&#x634;</subfield>
    <subfield code="p">01010100026785000</subfield>
    <subfield code="r">2024-06-23 00:00:00</subfield>
    <subfield code="t">Cai01.34.Ph.D.1986.&#x641;&#x62A;.&#x634; A.M</subfield>
    <subfield code="y">TH</subfield>
  </datafield>
</record>
